00893nam a22002297a 450000500170000000800410001702000180005804000070007604100080008308200210009110000160011224500400012825000120016826000270018030000280020736500650023544000340030052002490033465000270058370000180061080000350062820230324095842.0220817b ||||| |||| 00| 0 eng d a9781441919670 cAL aeng 223a512.74bMURP aRam Murty M aProblems in Algebraic Number Theory a2nd ed. aCanadabSpringerc2005 axvi,352p.bPBc23x14cm. 2Generala3190b₹3832.00c₹d₹4912.54e 22%f27/07/2022 aGraduate texts in Mathematics aThe problems are systematically arranged to reveal the evolution of concepts and ideas of the subject,Includes various levels of problems - some are easy and straightforward, while others are more challenging,All problems are elegantly solved  aAlgebra number theory aEsmonde, Jody 4Axler S; Gehring F W;Ribet K A